| 000 | 00796nam a2200277 a 4500 | ||
|---|---|---|---|
| 003 | AR-BaBNM | ||
| 005 | 20251128203703.0 | ||
| 008 | 082120s2002 ||||||||||||||000 | spa|| | ||
| 040 | _cAR-BaBNM | ||
| 100 | 1 | _aErlijman, Jacob | |
| 245 | 0 | 0 |
_aEl problema del comunismo en América Latina _bsus soluciones |
| 260 |
_aBuenos Aires _bLa Fragua _c1963 |
||
| 300 | _a80 p. | ||
| 500 | _aEsta obra ha obtenido el segundo premio del Concurso del Instituto Americano de Investigaciones Económicas, Jurídicas y Sociales | ||
| 650 | 4 | _aDEMOCRACIA | |
| 650 | 4 | _aSISTEMAS POLITICOS | |
| 650 | 4 | _aSOCIOLOGIA | |
| 650 | 4 | _aPOBLACION | |
| 650 | 4 | _aCOMUNISMO | |
| 650 | 4 | _aEJERCITOS | |
| 650 | 4 | _aPOLICIA | |
| 650 | 4 | _aECONOMIA | |
| 651 | 4 | _aAmérica Latina | |
| 942 | _cBK | ||
| 998 | _cmariana | ||
| 999 |
_c4493 _d4493 |
||